Katastrofy Dolnego Śląska - Statystyki

Ogólne statystyki
  • Ten quiz został rozwiązany 19 razy
  • Średni wynik to 5 z 10
Statystyki odpowiedzi
Typ i Data Miejsce Wydarzenia % Poprawnych
Lotnicza 24 stycznia 1969 Wrocław
100%
Powódź 5 lipca 1997 Wrocław/Kłodzko/Oława/Wałbrzych
100%
Górnicza 22 grudnia 1985 Wałbrzych
67%
Kolejowa 5 marca 1954 Wałbrzych
67%
Pożar 25 lipca 2000 Jelenia Góra
47%
Lotnicza 2 marca 1989 Oława
47%
Kolejowa 9 lipca 1977 Długołęka
13%
Lotnicza 23 lutego 1945 Karpacz
13%
Lotnicza 29 czerwca 2020 Strzegom
13%
Kolejowa 5 marca 1954 Świebodzice
13%
Nie znaleziono quizów pasujących do podanych kryteriów
Rozkład punktacji
Procent ludzi z każdym wynikiem
Percentyl według liczby udzielonych odpowiedzi
Twoja historia wyników
Nie rozwiązałeś tego quizu